[Event "2BLN 1920 SG AE Magdeburg - SK Zehlendo"]
[Site "?"]
[Date "2019.12.08"]
[Round "6.7"]
[White "Lagunow, Alexander"]
[Black "Merkert, Maximilian"]
[Result "1-0"]
[WhiteElo "2374"]
[BlackElo "2214"]
[PlyCount "79"]
[EventDate "2019.??.??"]

1. Nf3 Nc6 2. d4 d6 3. e4 Nf6 4. c3 g6 5. h3 Bg7 6. Bd3 e5 7. O-O O-O 8. Re1
Re8 9. d5 Ne7 10. c4 Nd7 11. Nc3 h6 12. Bd2 f5 13. exf5 gxf5 14. Qc1 Kh7 15.
Nh4 Rf8 16. g4 Nc5 17. Bc2 Rf6 18. Be3 b6 19. b4 Na6 20. Rb1 Qf8 21. Qd1 Bd7
22. gxf5 Nxf5 23. Nxf5 Bxf5 24. Bxf5+ Rxf5 25. Ne4 Rf3 26. Kg2 Rf5 27. Qd3 Kh8
28. c5 Qc8 29. cxd6 Rh5 30. Rh1 cxd6 31. Ng3 Rh4 32. Rbc1 Qb7 33. a3 Nc7 34.
Rhd1 Ne6 35. Qg6 Nd4 36. Bxd4 Qxd5+ 37. f3 Rxd4 38. Nf5 Rd2+ 39. Kg3 Rg8 40.
Rc8 1-0

[Event "2BLN 1920 SG AE Magdeburg - SK Zehlendo"]
[Site "?"]
[Date "2019.12.08"]
[Round "6.8"]
[White "Schoene, Maria"]
[Black "Figura, Atila Gajo"]
[Result "1/2-1/2"]
[WhiteElo "2147"]
[BlackElo "2381"]
[PlyCount "105"]
[EventDate "2019.??.??"]

1. e4 c5 2. Nf3 Nc6 3. d4 cxd4 4. Nxd4 e5 5. Nb5 d6 6. N1c3 a6 7. Na3 Be7 8.
Nc4 b5 9. Ne3 Nf6 10. a3 Be6 11. g3 Rc8 12. Bg2 h5 13. O-O h4 14. Ncd5 g6 15.
c3 Kf8 16. a4 hxg3 17. fxg3 Kg7 18. axb5 axb5 19. Ra6 b4 20. Nxe7 Nxe7 21. Rxd6
Qa5 22. Qf3 Neg8 23. cxb4 Qxb4 24. Ra6 Qc5 25. Qf2 Qxc1 26. Rxe6 fxe6 27. Rxc1
Rxc1+ 28. Nf1 Nh6 29. Qa7+ Nf7 30. b4 Rb1 31. Qb7 Rd8 32. Bh3 Rdd1 33. b5 g5
34. Bg2 Rb2 35. Bf3 Rd3 36. Bg2 g4 37. h3 Kg6 38. Qe7 Ng5 39. hxg4 Nf3+ 40.
Bxf3 Rxf3 41. g5 Kxg5 42. Qg7+ Kh5 43. Nh2 Rff2 44. g4+ Kh4 45. Qh6+ Kg3 46.
Qe3+ Kh4 47. Qxf2+ Rxf2 48. Kxf2 Nxe4+ 49. Kf3 Nd2+ 50. Ke3 Nc4+ 51. Kd3 Nd6
52. b6 Kg5 53. Ke3 {(=)} 1/2-1/2

[Event "2BLN 1920 SC Empor Potsdam - SK König T"]
[Site "?"]
[Date "2019.12.08"]
[Round "6.1"]
[White "Stern, Rene"]
[Black "Hansch, Karsten"]
[Result "1/2-1/2"]
[WhiteElo "2520"]
[BlackElo "2279"]
[PlyCount "53"]
[EventDate "2019.??.??"]

1. Nf3 Nf6 2. c4 e6 3. b3 d5 4. Bb2 Be7 5. g3 O-O 6. Bg2 c5 7. cxd5 Nxd5 8. O-O
Nc6 9. d4 cxd4 10. Nxd4 Nxd4 11. Bxd4 b6 12. Nd2 Bb7 13. Nc4 b5 14. a4 bxc4 15.
bxc4 Nc3 16. Bxc3 Bxg2 17. Kxg2 Qc8 18. Qb3 Qc7 19. Qb2 Rab8 20. Qa2 Rbc8 21.
Bd4 Qxc4 22. Bxa7 Qc6+ 23. f3 Bf6 24. Rab1 Ra8 25. Rfc1 Qd7 26. Bc5 Rxa4 27.
Qb3 {(=)} 1/2-1/2

[Event "2BLN 1920 SC Empor Potsdam - SK König T"]
[Site "?"]
[Date "2019.12.08"]
[Round "6.3"]
[White "Muse, Mladen"]
[Black "Hansch, Stephan"]
[Result "1-0"]
[WhiteElo "2387"]
[BlackElo "2144"]
[PlyCount "85"]
[EventDate "2019.??.??"]

1. Nf3 Nf6 2. g3 d5 3. Bg2 e6 4. O-O Be7 5. c4 O-O 6. b3 c6 7. Bb2 b6 8. e3
Nbd7 9. Qe2 Bb7 10. d3 Rc8 11. e4 Qc7 12. exd5 cxd5 13. Nc3 a6 14. Rac1 Qb8 15.
Rfe1 dxc4 16. dxc4 Qa8 17. Nh4 Bxg2 18. Nxg2 Rfd8 19. Nf4 Bf8 20. Rcd1 Nc5 21.
Rxd8 Rxd8 22. Rd1 h6 23. Rxd8 Qxd8 24. b4 Ncd7 25. a3 Qc7 26. Ne4 Nxe4 27. Qxe4
Bd6 28. Nd3 Nf8 29. Qd4 f6 30. c5 bxc5 31. bxc5 Be7 32. Qc4 Qc6 33. Bd4 Nh7 34.
h4 g5 35. Be3 a5 36. a4 Kf7 37. Qb5 Qe4 38. c6 Bd6 39. Nc5 Qd5 40. Qb7+ Kg6 41.
h5+ Kxh5 42. Qf7+ Kg4 43. Qxe6+ 1-0

[Event "2BLN 1920 SC Empor Potsdam - SK König T"]
[Site "?"]
[Date "2019.12.08"]
[Round "6.4"]
[White "Tiarks, Jann-Christian"]
[Black "Bruedigam, Martin"]
[Result "0-1"]
[WhiteElo "2168"]
[BlackElo "2386"]
[PlyCount "70"]
[EventDate "2019.??.??"]

1. e4 c6 2. d4 d5 3. Nc3 dxe4 4. Nxe4 Bf5 5. Ng3 Bg6 6. h4 h6 7. Nf3 Nd7 8. h5
Bh7 9. Bd3 Bxd3 10. Qxd3 e6 11. Bd2 Ngf6 12. O-O-O Be7 13. Rhe1 Qb6 14. Kb1
O-O-O 15. c4 Bb4 16. Qc2 Bxd2 17. Rxd2 Qc7 18. Red1 Rhe8 19. Re2 a6 20. Qc1 Kb8
21. a3 Ka8 22. Ka2 Qa5 23. Ne5 Nxe5 24. Rxe5 Qb6 25. Qf4 Rd7 26. Re3 Red8 27.
Red3 Qa5 28. Qf3 Qa4 29. b3 Qa5 30. Qe2 Qg5 31. Kb2 Rd6 32. Kc2 Qa5 33. Kb2
R8d7 34. f4 Qd8 35. Kc2 Rxd4 0-1

[Event "2BLN 1920 SC Empor Potsdam - SK König T"]
[Site "?"]
[Date "2019.12.08"]
[Round "6.5"]
[White "Fruebing, Stefan"]
[Black "Schoene, Ralf"]
[Result "1/2-1/2"]
[WhiteElo "2413"]
[BlackElo "2269"]
[PlyCount "107"]
[EventDate "2019.??.??"]

1. e4 e5 2. Nf3 Nc6 3. Bc4 Bc5 4. O-O Nf6 5. d3 a6 6. c3 Ba7 7. Bb3 d6 8. Re1
h6 9. Nbd2 O-O 10. h3 Nh5 11. Nf1 Qf6 12. Be3 Nf4 13. d4 g6 14. Bxf4 Qxf4 15.
Ne3 Qf6 16. Nd5 Qd8 17. Qd2 Kg7 18. Rad1 f6 19. Ne3 h5 20. a3 Bd7 21. Ba2 b5
22. Qd3 a5 23. Bd5 Rb8 24. b4 axb4 25. Bxc6 Bxc6 26. axb4 f5 27. Nd2 Qf6 28.
exf5 gxf5 29. dxe5 dxe5 30. Nd5 Bxd5 31. Qxd5 e4 32. Nf1 c6 33. Qd6 Qxd6 34.
Rxd6 h4 35. Red1 Rb7 36. Rxc6 Rf6 37. Rdd6 Rxd6 38. Rxd6 Bb8 39. Rc6 Bf4 40.
Ne3 Bxe3 41. fxe3 Rd7 42. Rc5 Kf6 43. Rxb5 Rd3 44. Rc5 Rxe3 45. b5 f4 46. Kf2
Rd3 47. Ke2 Rg3 48. Kf1 Rd3 49. Ke2 Rg3 50. Kf1 Rd3 51. Ke1 Re3+ 52. Kf2 Rd3
53. Ke1 Re3+ 54. Kf2 1/2-1/2

[Event "2BLN 1920 SC Empor Potsdam - SK König T"]
[Site "?"]
[Date "2019.12.08"]
[Round "6.7"]
[White "Mueller, Nick"]
[Black "Germann, Heike"]
[Result "1-0"]
[WhiteElo "2364"]
[BlackElo "2042"]
[PlyCount "85"]
[EventDate "2019.??.??"]

1. e4 c5 2. Nf3 Nc6 3. Bb5 g6 4. Bxc6 bxc6 5. O-O Bg7 6. Re1 Nf6 7. e5 Nd5 8.
c4 Nc7 9. Nc3 O-O 10. d3 Ne6 11. Be3 Rb8 12. Qd2 Re8 13. Rab1 d6 14. Ne4 dxe5
15. Nxc5 Nd4 16. Nxd4 exd4 17. Bh6 Bh8 18. b4 Bf5 19. a4 e5 20. b5 Qd6 21. Na6
Rbc8 22. c5 Qe7 23. b6 Qb7 24. Nc7 Re7 25. a5 a6 26. Qc2 Rb8 27. Qc4 Bc8 28. h4
Bf6 29. Bg5 Kg7 30. Rb2 h6 31. Bxf6+ Kxf6 32. Rbe2 Be6 33. Qxa6 Qxa6 34. Nxa6
Ra8 35. Nb4 Rxa5 36. Nxc6 Rxc5 37. Nxe7 Kxe7 38. Rxe5 Rc8 39. R5e4 Rb8 40. Rb1
Kd6 41. Rxd4+ Kc5 42. Rdb4 Bd5 43. b7 1-0

[Event "2BLN 1920 SC Empor Potsdam - SK König T"]
[Site "?"]
[Date "2019.12.08"]
[Round "6.8"]
[White "Tschernatsch, Johannes"]
[Black "Sarbok, Torsten"]
[Result "0-1"]
[WhiteElo "2190"]
[BlackElo "2318"]
[PlyCount "96"]
[EventDate "2019.??.??"]

1. e4 c6 2. d4 d5 3. e5 Bf5 4. Nf3 e6 5. Be2 Ne7 6. O-O Nd7 7. b3 a6 8. c4 Nc8
9. a4 Be7 10. Ba3 O-O 11. Re1 Qa5 12. Qd2 Qb6 13. Qb2 dxc4 14. Bxc4 Qd8 15. a5
h6 16. Nc3 Re8 17. Bxe7 Rxe7 18. b4 Nf8 19. h3 Rc7 20. Na4 Ne7 21. Nb6 Rb8 22.
Nh2 Bh7 23. f4 Nf5 24. Nf3 Ng6 25. Qd2 Ngh4 26. Nxh4 Qxh4 27. Bd3 Ne7 28. Bxh7+
Kxh7 29. Qd3+ Kg8 30. g4 Rd8 31. Red1 Nd5 32. Nxd5 Rxd5 33. Rac1 Rcd7 34. Rc4
h5 35. Qf3 hxg4 36. hxg4 f6 37. exf6 gxf6 38. Kg2 Rg7 39. Rh1 Rxg4+ 40. Kf1
Rxf4 41. Rxh4 Rxf3+ 42. Ke2 Rg3 43. Re4 Kf7 44. Rh4 Rdg5 45. Rc5 Rg2+ 46. Kf1
R2g4 47. Rh7+ Rg7 48. Rxg7+ Kxg7 0-1

[Event "2BLN 1920 FC St. Pauli - SG AE Magdebur"]
[Site "?"]
[Date "2020.02.08"]
[Round "7.1"]
[White "Degtiarev, Evgeny"]
[Black "Krause, Benedict"]
[Result "1/2-1/2"]
[WhiteElo "2386"]
[BlackElo "2427"]
[PlyCount "72"]
[EventDate "2020.??.??"]

1. d4 Nf6 2. c4 g6 3. Nc3 d5 4. cxd5 Nxd5 5. e4 Nxc3 6. bxc3 Bg7 7. Bc4 c5 8.
Ne2 Nc6 9. Be3 O-O 10. O-O Bg4 11. f3 Bd7 12. Rc1 Qc7 13. Qd2 Rad8 14. Bh6 Bc8
15. Bxg7 Kxg7 16. Qb2 Na5 17. Bd3 b6 18. Qd2 e5 19. f4 f6 20. fxe5 fxe5 21. Ng3
Qe7 22. d5 c4 23. Be2 Nb7 24. Qe3 Nd6 25. Rxf8 Rxf8 26. Rf1 Qh4 27. Rxf8 Kxf8
28. Bf3 Kg7 29. Nf1 Qh6 30. Qxh6+ Kxh6 31. Nd2 Kg5 32. Kf2 Kf6 33. Ke3 Bd7 34.
Be2 b5 35. a3 Ke7 36. Nf3 Kf6 1/2-1/2

[Event "2BLN 1920 FC St. Pauli - SG AE Magdebur"]
[Site "?"]
[Date "2020.02.08"]
[Round "7.2"]
[White "Feuerstack, Aljoscha"]
[Black "Roseneck, Jonas"]
[Result "1-0"]
[WhiteElo "2459"]
[BlackElo "2425"]
[PlyCount "83"]
[EventDate "2020.??.??"]

1. e4 c5 2. Nf3 d6 3. d4 cxd4 4. Nxd4 Nf6 5. Nc3 a6 6. Be3 e5 7. Nb3 Be6 8. f3
h5 9. Nd5 Bxd5 10. exd5 Nbd7 11. Qd2 g6 12. Be2 Bg7 13. O-O b6 14. a4 O-O 15.
a5 b5 16. Nc1 Kh7 17. Na2 Ng8 18. Nb4 Bh6 19. Nc6 Qc7 20. c4 bxc4 21. Bxh6 Nxh6
22. Rfc1 Nb8 23. Rxc4 Nf5 24. Kh1 Nxc6 25. Rxc6 Qe7 26. Rxa6 Rac8 27. Bd3 Nd4
28. Rb6 Qc7 29. f4 Qc5 30. fxe5 dxe5 31. Qg5 e4 32. Bxe4 Rc6 33. Qxh5+ Kg7 34.
Qe5+ Kg8 35. Rxc6 Nxc6 36. Qc3 Qxc3 37. bxc3 Nxa5 38. Rxa5 Re8 39. Ra4 f5 40.
Kg1 fxe4 41. Rd4 e3 42. Kf1 1-0

[Event "2BLN 1920 FC St. Pauli - SG AE Magdebur"]
[Site "?"]
[Date "2020.02.08"]
[Round "7.3"]
[White "Woellermann, Jan"]
[Black "Sawatzki, Frank"]
[Result "1-0"]
[WhiteElo "2352"]
[BlackElo "2401"]
[PlyCount "62"]
[EventDate "2020.??.??"]

1. d4 d5 2. c4 c6 3. cxd5 cxd5 4. Nf3 Nf6 5. Nc3 Nc6 6. Bf4 Bf5 7. e3 e6 8. Bd3
Bxd3 9. Qxd3 Be7 10. h3 O-O 11. O-O Nd7 12. Na4 Qa5 13. Qb3 Nb6 14. Nxb6 Qxb6
15. Qxb6 axb6 16. Bc7 b5 17. Rfc1 Rfc8 18. Bb6 Nb4 19. Ne1 Rc4 20. a3 Nc6 21.
Nd3 f6 22. Bc5 Kf7 23. b3 Rxc1+ 24. Rxc1 Bd8 25. Bd6 Bb6 26. Nc5 Nd8 27. Nd7
Ba7 28. Rc7 Ke8 29. Bb4 Nc6 30. Rxb7 Rd8 31. Nc5 Bxc5 1-0

[Event "2BLN 1920 FC St. Pauli - SG AE Magdebur"]
[Site "?"]
[Date "2020.02.08"]
[Round "7.4"]
[White "Ertan, Can"]
[Black "Gungl, Theo"]
[Result "1/2-1/2"]
[WhiteElo "2401"]
[BlackElo "2348"]
[PlyCount "97"]
[EventDate "2020.??.??"]

1. e4 c5 2. Nf3 d6 3. c3 Nf6 4. Qc2 Qc7 5. Bc4 a6 6. a4 e6 7. O-O Nc6 8. d4 Na5
9. Be2 cxd4 10. b4 d3 11. Bxd3 Nc6 12. a5 Bd7 13. Re1 Rc8 14. Na3 Be7 15. Bf4
Ng4 16. Nc4 Nge5 17. Nfxe5 Nxe5 18. Bxe5 dxe5 19. Nb6 Rd8 20. Qb3 Bc6 21. Bc2
O-O 22. Qc4 Bd6 23. Rad1 Qe7 24. Ba4 Bxa4 25. Nxa4 Rc8 26. Qb3 Rc6 27. Re3 Rfc8
28. Red3 g6 29. g3 R8c7 30. Kg2 Kg7 31. R1d2 Qf8 32. Nb6 Be7 33. Nd7 Qc8 34. c4
Bg5 35. Rd1 Rxd7 36. Rxd7 Rxc4 37. R1d6 Kf8 38. h4 Be7 39. Qd3 Ke8 40. Qd2 Bxd6
41. Rxd6 Rxe4 42. h5 Rd4 43. Rxd4 exd4 44. Qxd4 Qc6+ 45. Kg1 Qc1+ 46. Kg2 Qg5
47. Qh8+ Ke7 48. h6 Qd5+ 49. Kg1 {(=)} 1/2-1/2

[Event "2BLN 1920 FC St. Pauli - SG AE Magdebur"]
[Site "?"]
[Date "2020.02.08"]
[Round "7.5"]
[White "Andre, Gordon"]
[Black "Voigt, Martin"]
[Result "1-0"]
[WhiteElo "2375"]
[BlackElo "2287"]
[PlyCount "73"]
[EventDate "2020.??.??"]

1. d4 d5 2. c4 e6 3. Nc3 Nf6 4. Nf3 a6 5. cxd5 exd5 6. Bg5 Be6 7. e3 Nbd7 8.
Be2 Bd6 9. O-O O-O 10. a3 Re8 11. Qc2 h6 12. Bh4 c5 13. dxc5 Nxc5 14. b4 Ncd7
15. Nd4 Rc8 16. Rac1 Qc7 17. f4 Ne4 18. Nxe4 Qxc2 19. Rxc2 dxe4 20. Rxc8 Rxc8
21. Rd1 Bc4 22. Bxc4 Rxc4 23. Nf5 Bxb4 24. axb4 Rxb4 25. Rxd7 a5 26. Nd6 b5 27.
Rd8+ Kh7 28. Nxf7 a4 29. Rh8+ Kg6 30. Ne5+ Kf5 31. Ra8 Rb1+ 32. Kf2 g5 33. g4+
Ke6 34. Bg3 Rb2+ 35. Ke1 Rb3 36. f5+ Ke7 37. Ra7+ 1-0

[Event "2BLN 1920 FC St. Pauli - SG AE Magdebur"]
[Site "?"]
[Date "2020.02.08"]
[Round "7.6"]
[White "Mueller, Fabian"]
[Black "Paul, Johannes"]
[Result "1/2-1/2"]
[WhiteElo "2335"]
[BlackElo "2374"]
[PlyCount "66"]
[EventDate "2020.??.??"]

1. d4 Nf6 2. c4 g6 3. Nc3 Bg7 4. e4 d6 5. Nf3 O-O 6. Be2 e5 7. O-O Nc6 8. d5
Ne7 9. b4 a5 10. Ba3 axb4 11. Bxb4 b6 12. a4 Re8 13. a5 c5 14. dxc6 Nxc6 15.
Bxd6 Rxa5 16. Rxa5 Nxa5 17. Bxe5 Qxd1 18. Rxd1 Nxe4 19. Nxe4 Bxe5 20. Nxe5 Rxe5
21. Rd8+ Kg7 22. Rxc8 Rxe4 23. Kf1 Nb3 24. f3 Re6 25. Rc7 Nc1 26. Bd1 Nd3 27.
Be2 Nf4 28. Bd1 h5 29. h4 Nd3 30. Be2 Nc1 31. Bd1 Nd3 32. Be2 Nf4 33. Bd1 Nd3
1/2-1/2

[Event "2BLN 1920 FC St. Pauli - SG AE Magdebur"]
[Site "?"]
[Date "2020.02.08"]
[Round "7.7"]
[White "Melamed, Tatjana"]
[Black "Perez De Miguel, Alvaro"]
[Result "1/2-1/2"]
[WhiteElo "2357"]
[BlackElo "2286"]
[PlyCount "65"]
[EventDate "2020.??.??"]

1. e4 c6 2. d4 d5 3. Nd2 dxe4 4. Nxe4 Nf6 5. Nxf6+ exf6 6. c3 Bd6 7. Bd3 O-O 8.
Qc2 Re8+ 9. Ne2 h5 10. O-O h4 11. h3 Nd7 12. Be3 Nf8 13. Rad1 Ne6 14. f4 Nc7
15. Rf3 Nd5 16. Bf2 f5 17. c4 Nb4 18. Qd2 Be6 19. d5 cxd5 20. Bb1 Bf8 21. a3
Nc6 22. cxd5 Qxd5 23. Qxd5 Bxd5 24. Rxd5 Rxe2 25. Rb3 b6 26. Bd3 Rd2 27. Rc3
Ne7 28. Rd7 Ng6 29. Bxf5 Rxd7 30. Bxd7 Nxf4 31. Kf1 Be7 32. Bc8 Bc5 33. Bb7
1/2-1/2

[Event "2BLN 1920 FC St. Pauli - SG AE Magdebur"]
[Site "?"]
[Date "2020.02.08"]
[Round "7.8"]
[White "Mitscherling, Andreas"]
[Black "Schoene, Maria"]
[Result "0-1"]
[WhiteElo "2199"]
[BlackElo "2170"]
[PlyCount "114"]
[EventDate "2020.??.??"]

1. d4 Nf6 2. Bf4 g6 3. e3 Bg7 4. Nf3 d6 5. h3 O-O 6. Be2 Nfd7 7. O-O e5 8. Bh2
Nc6 9. c3 f5 10. a4 Kh8 11. a5 a6 12. Nbd2 e4 13. Ne1 Nf6 14. b4 g5 15. Qb3 Ne7
16. f3 Ng6 17. fxe4 fxe4 18. Nc2 Qe7 19. d5 g4 20. hxg4 Bxg4 21. Rae1 Bxe2 22.
Rxe2 Ng4 23. Bf4 Nxf4 24. exf4 Qh4 25. g3 Qxg3+ 26. Rg2 Qh3 27. c4 Qxb3 28.
Nxb3 Nh6 29. Nbd4 Nf5 30. Ne6 Rf7 31. Re1 Nh4 32. Rxe4 Nxg2 33. Kxg2 Bf6 34.
Ne3 Rg8+ 35. Kf3 h5 36. Nf5 Kh7 37. c5 h4 38. cxd6 cxd6 39. Rc4 Rd7 40. Rc2 h3
41. Rh2 Kg6 42. Ke4 Rh8 43. Rxh3 Rxh3 44. Nf8+ Kf7 45. Nxd7 Rb3 46. Nxf6 Kxf6
47. Nxd6 Rxb4+ 48. Kd3 Rxf4 49. Nxb7 Ke5 50. d6 Rb4 51. Nc5 Rd4+ 52. Kc3 Rxd6
53. Kb4 Kd5 54. Nb3 Rh6 55. Kc3 Rh4 56. Nd2 Kc5 57. Nb3+ Kb5 0-1

[Event "2BLN 1920 Hamburger SK II - SC Empor Po"]
[Site "?"]
[Date "2020.02.08"]
[Round "7.1"]
[White "Hansch, Karsten"]
[Black "Souleidis, Georgios"]
[Result "1/2-1/2"]
[WhiteElo "2293"]
[BlackElo "2414"]
[PlyCount "79"]
[EventDate "2020.??.??"]

1. d4 Nf6 2. c4 g6 3. Nc3 Bg7 4. e4 d6 5. Nf3 O-O 6. Be2 Qe8 7. O-O e5 8. d5 a5
9. Bg5 h6 10. Bxf6 Bxf6 11. a3 a4 12. c5 Bd7 13. cxd6 cxd6 14. Nd2 Bd8 15. Nc4
Bc7 16. b4 axb3 17. Qxb3 b5 18. Nd2 Na6 19. Nxb5 Bb8 20. a4 Nc5 21. Qb4 f5 22.
exf5 gxf5 23. Nb3 Ne4 24. a5 Qg6 25. Nd2 Ng5 26. Ra3 f4 27. Kh1 Kh8 28. Bd3 Qf7
29. Be4 Rg8 30. Rg1 Bxb5 31. Qxb5 Ba7 32. Qe2 Rg7 33. Bf3 Rag8 34. Ne4 Nxf3 35.
Rxf3 Rg6 36. Rd3 Bd4 37. Qa2 Qf5 38. Qe2 Qf7 39. Qa2 Qf5 40. Qe2 1/2-1/2

[Event "2BLN 1920 Hamburger SK II - SC Empor Po"]
[Site "?"]
[Date "2020.02.08"]
[Round "7.2"]
[White "Voigt, Roland"]
[Black "Penzold, Andreas"]
[Result "1/2-1/2"]
[WhiteElo "2447"]
[BlackElo "2391"]
[PlyCount "84"]
[EventDate "2020.??.??"]

1. Nf3 g6 2. c4 Bg7 3. g3 c5 4. Bg2 Nc6 5. O-O Nf6 6. d3 O-O 7. e4 d6 8. Nc3
Ne8 9. Rb1 Nc7 10. a3 Rb8 11. Be3 Nd4 12. Ne2 Nxe2+ 13. Qxe2 Bg4 14. h3 Bxf3
15. Qxf3 Ne6 16. b4 Nd4 17. Qd1 Qd7 18. Kh2 b6 19. f4 e6 20. b5 f5 21. a4 Kh8
22. a5 fxe4 23. dxe4 e5 24. Ra1 exf4 25. gxf4 Qe7 26. axb6 axb6 27. Ra6 g5 28.
fxg5 Qe5+ 29. Kh1 Qg3 30. Bg1 Rxf1 31. Qxf1 Rf8 32. Qd1 Qxg5 33. Rxb6 Rg8 34.
Ra6 Be5 35. Ra2 Ne6 36. b6 Rb8 37. Qf3 Nf4 38. Ra6 Nh5 39. Be3 Qh4 40. Bf2 Qg5
41. Be3 Qh4 42. Bf2 Qg5 1/2-1/2

[Event "2BLN 1920 Hamburger SK II - SC Empor Po"]
[Site "?"]
[Date "2020.02.08"]
[Round "7.3"]
[White "Hansch, Stephan"]
[Black "Bracker, Frank"]
[Result "0-1"]
[WhiteElo "2147"]
[BlackElo "2384"]
[PlyCount "106"]
[EventDate "2020.??.??"]

1. d4 d5 2. c4 e6 3. Nf3 Nf6 4. g3 dxc4 5. Bg2 Bb4+ 6. Bd2 a5 7. Qc2 Bxd2+ 8.
Qxd2 c6 9. a4 Ne4 10. Qf4 Qb6 11. Ne5 f6 12. Nxc4 Qb4+ 13. Nbd2 Nxd2 14. Nxd2
Nd7 15. O-O e5 16. dxe5 Qxf4 17. gxf4 fxe5 18. f5 Nb6 19. e4 g6 20. fxg6 hxg6
21. f4 exf4 22. Rxf4 Ke7 23. Nf3 Be6 24. Nd4 Raf8 25. Nxe6 Kxe6 26. Rg4 Rh6 27.
b3 Nd7 28. Rc1 Ne5 29. Rg3 b6 30. Bh3+ Kd6 31. Bg2 Rh5 32. Rcc3 Rf4 33. h3 Rh8
34. Rc2 Rhf8 35. Rgc3 Ke7 36. Rg3 Rd8 37. Rgc3 g5 38. Kh2 Rd1 39. Kg3 Kd6 40.
Re3 Ke6 41. Rec3 Ke7 42. Re3 Rf6 43. Rec3 Rfd6 44. Re3 R6d3 45. Rc3 R3d2 46.
Kh2 Rf2 47. Rg3 Kf6 48. Rce3 Kg6 49. Rc3 Kh5 50. Rge3 Kh4 51. Rg3 Rb1 52. Rce3
c5 53. Rc3 g4 0-1

[Event "2BLN 1920 Hamburger SK II - SC Empor Po"]
[Site "?"]
[Date "2020.02.08"]
[Round "7.4"]
[White "Colpe, Malte"]
[Black "Tiarks, Jann-Christian"]
[Result "1-0"]
[WhiteElo "2365"]
[BlackElo "2158"]
[PlyCount "114"]
[EventDate "2020.??.??"]

1. e4 c5 2. Nc3 Nc6 3. Nf3 e6 4. d4 cxd4 5. Nxd4 Qc7 6. g3 h5 7. Bf4 e5 8. Ndb5
Qb8 9. Be3 a6 10. Na3 b5 11. Nd5 Nf6 12. Bg2 Ng4 13. Bb6 Bd6 14. c4 Bb4+ 15.
Kf1 O-O 16. c5 f5 17. h3 Nf6 18. Nxb4 Nxb4 19. Qb3+ Kh8 20. Qxb4 Nxe4 21. Bxe4
fxe4 22. Qd2 e3 23. Qxe3 Bb7 24. Rh2 Rf3 25. Qg5 Qe8 26. Re1 Qf7 27. g4 b4 28.
Nb1 Qc4+ 29. Kg1 Qd3 30. Nd2 Rg3+ 31. fxg3 Qxg3+ 32. Kf1 Qxh2 33. Rxe5 Rf8+ 34.
Rf5 Qg2+ 35. Ke1 Re8+ 36. Kd1 Qe2+ 37. Kc1 Qe1+ 38. Kc2 Be4+ 39. Kb3 Bxf5 40.
gxf5 Qd1+ 41. Kxb4 Re2 42. Nb3 Re4+ 43. Ka3 Qd5 44. Nd2 Re5 45. Qxh5+ Kg8 46.
Nb1 Rxf5 47. Qh4 Rh5 48. Qd8+ Kh7 49. Nc3 Rxh3 50. Qh4+ Rxh4 51. Nxd5 g5 52.
Nf6+ Kg6 53. Nxd7 Kf5 54. c6 g4 55. c7 Rh8 56. Bf2 Rc8 57. Bg3 Re8 1-0

[Event "2BLN 1920 Hamburger SK II - SC Empor Po"]
[Site "?"]
[Date "2020.02.08"]
[Round "7.5"]
[White "Schoene, Ralf"]
[Black "Kramer, Julian"]
[Result "0-1"]
[WhiteElo "2265"]
[BlackElo "2400"]
[PlyCount "88"]
[EventDate "2020.??.??"]

1. d4 Nf6 2. c4 g6 3. Nc3 d5 4. e3 Bg7 5. Nf3 O-O 6. cxd5 Nxd5 7. Bc4 Nb6 8.
Be2 c5 9. dxc5 N6d7 10. O-O Nxc5 11. Qxd8 Rxd8 12. Rd1 Rxd1+ 13. Nxd1 Nc6 14.
Bd2 Na4 15. Bc3 Nxc3 16. Nxc3 h6 17. Bb5 Ne5 18. Nd4 Bd7 19. Bxd7 Nxd7 20. Rc1
Nb6 21. b3 Rd8 22. Nce2 Nd5 23. g4 Rd7 24. h3 e5 25. Nf3 Nb4 26. a3 Nc6 27. e4
f5 28. gxf5 gxf5 29. exf5 Rd3 30. Kg2 e4 31. Nh2 Rxb3 32. Ng3 e3 33. fxe3 Rxe3
34. Ng4 Rxa3 35. f6 Bf8 36. Rd1 Ra2+ 37. Kf1 Ra5 38. Rd7 Rb5 39. Rc7 a5 40. Ne3
a4 41. Ngf5 a3 42. Ne7+ Nxe7 43. fxe7 Bxe7 44. Rxe7 Rb1+ 0-1

[Event "2BLN 1920 Hamburger SK II - SC Empor Po"]
[Site "?"]
[Date "2020.02.08"]
[Round "7.6"]
[White "Papp, Sarah"]
[Black "Haasler, Andreas"]
[Result "1-0"]
[WhiteElo "2316"]
[BlackElo "2231"]
[PlyCount "121"]
[EventDate "2020.??.??"]

1. e4 e6 2. d4 d5 3. e5 c5 4. c3 Nc6 5. Nf3 Qb6 6. a3 Bd7 7. Be2 Rc8 8. dxc5
Bxc5 9. O-O Qc7 10. b4 Bb6 11. c4 dxc4 12. Bb2 a5 13. Nbd2 Nh6 14. Nxc4 O-O 15.
b5 Nb8 16. Nd6 Rcd8 17. Rc1 Bc5 18. Rxc5 Qxc5 19. Nxb7 Bxb5 20. Nxc5 Rxd1 21.
Bxd1 Rc8 22. Ne4 Bxf1 23. Kxf1 Nf5 24. Bc3 Nc6 25. g4 Nfe7 26. Nd6 Rb8 27. Ba4
Rb6 28. Nc4 Rb1+ 29. Ke2 Rc1 30. Kd3 Rf1 31. Be1 f6 32. Ke2 Rh1 33. exf6 gxf6
34. Ne3 e5 35. Bc2 Nd4+ 36. Nxd4 exd4 37. Nf5 Nxf5 38. Bxf5 a4 39. Bc2 Rxh2 40.
Bb4 Rh4 41. Kf3 Rh3+ 42. Ke4 Rh4 43. f3 h5 44. Kf5 Rh3 45. gxh5 Rxh5+ 46. Kxf6
Rh2 47. Bxa4 Re2 48. Bb5 Re3 49. f4 d3 50. f5 d2 51. Bxd2 Rxa3 52. Bc4+ Kh7 53.
Be6 Ra7 54. Bb4 Rb7 55. Bf8 Rb8 56. Bd6 Rb7 57. Bd5 Ra7 58. Ke6 Ra1 59. f6 Rf1
60. Ke7 Kh8 61. f7 1-0

[Event "2BLN 1920 Hamburger SK II - SC Empor Po"]
[Site "?"]
[Date "2020.02.08"]
[Round "7.7"]
[White "Trenner, Rolf"]
[Black "Van Delft, Merijn"]
[Result "0-1"]
[WhiteElo "2194"]
[BlackElo "2375"]
[PlyCount "180"]
[EventDate "2020.??.??"]

1. d4 Nf6 2. c4 g6 3. Nc3 Bg7 4. e4 d6 5. Be2 O-O 6. Bg5 c5 7. d5 h6 8. Be3 e6
9. Qd2 exd5 10. cxd5 Re8 11. Bxh6 Nxe4 12. Nxe4 Rxe4 13. Bxg7 Kxg7 14. O-O-O
Qf6 15. Nf3 Bg4 16. h3 Bxf3 17. Bxf3 Rd4 18. Qc3 Nd7 19. Rhe1 Ne5 20. Rxd4 cxd4
21. Qxd4 Rc8+ 22. Kb1 Rc4 23. Qe3 Rb4 24. Qc3 Qf5+ 25. Ka1 Rc4 26. Qe3 Nxf3 27.
gxf3 a5 28. Rd1 Qxh3 29. a3 a4 30. Ka2 Qf5 31. Rd4 Qc2 32. Rd2 Qc1 33. Qd3 b5
34. Re2 Qf1 35. Rd2 Qc1 36. Qe2 Kf6 37. Qd3 Kg7 38. Qe2 Kf8 39. Qd3 Kg8 40. Qe2
Kg7 41. Qd3 Kf6 42. Qe2 Kg7 43. Qd3 Qh1 44. Rc2 Rxc2 45. Qxc2 Qxf3 46. Qd2 Qb3+
47. Kb1 Qc4 48. Ka1 Qf1+ 49. Ka2 Qc4+ 50. Ka1 Kf6 51. Kb1 Kf5 52. Ka1 Qf1+ 53.
Ka2 Qc4+ 54. Ka1 g5 55. Kb1 f6 56. Ka1 Qf1+ 57. Ka2 Qc4+ 58. Ka1 Ke5 59. Qe3+
Kxd5 60. Qe7 Qf1+ 61. Ka2 Qxf2 62. Qb7+ Kc4 63. Qe4+ Qd4 64. Qe6+ Kd3 65. Qf5+
Kc4 66. Qe6+ Qd5 67. Qxf6 Kd3+ 68. Ka1 Qh1+ 69. Ka2 Qd5+ 70. Ka1 Qe5 71. Qf3+
Kd4 72. Qf2+ Ke4 73. Qe2+ Kf4 74. Qf2+ Kg4 75. Qg2+ Kh5 76. Qf3+ Kg6 77. Qd3+
Kg7 78. Qf3 d5 79. Qh3 d4 80. Qd7+ Kf6 81. Qc6+ Kf5 82. Qf3+ Kg6 83. Qc6+ Kh5
84. Qh1+ Kg4 85. Qg2+ Qg3 86. Qe2+ Qf3 87. Qe6+ Kh4 88. Qe1+ Kh3 89. Qe6+ Kg2
90. Qe5 g4 0-1

[Event "2BLN 1920 SV Glückauf Rüdersdorf - SV W"]
[Site "?"]
[Date "2020.02.08"]
[Round "7.1"]
[White "Pruijssers, Roeland"]
[Black "Kanarek, Marcel"]
[Result "0-1"]
[WhiteElo "2564"]
[BlackElo "2476"]
[PlyCount "134"]
[EventDate "2020.??.??"]

1. e4 c5 2. Nf3 e6 3. d4 cxd4 4. Nxd4 Nf6 5. Nc3 Nc6 6. Ndb5 Bb4 7. a3 Bxc3+ 8.
Nxc3 d5 9. exd5 exd5 10. Bd3 O-O 11. O-O d4 12. Ne2 Bg4 13. f3 Bh5 14. Nf4 Bg6
15. Nxg6 hxg6 16. f4 Qb6 17. Qf3 Rfe8 18. b4 Rad8 19. Kh1 Ne7 20. Bd2 Nf5 21.
Rfe1 Ne3 22. Re2 Nfd5 23. Rae1 Qf6 24. g3 g5 25. c4 g4 26. Qxg4 Nxb4 27. axb4
Qc6+ 28. Be4 Rxe4 29. Qf3 Rde8 30. c5 Qe6 31. f5 Qc6 32. Kg1 Qd5 33. h3 R8e5
34. Bxe3 dxe3 35. g4 Rxb4 36. Qxd5 Rxd5 37. Rc1 Rb3 38. Kg2 a5 39. Kf3 Re5 40.
c6 bxc6 41. Rxc6 f6 42. Rc8+ Kf7 43. Rc7+ Kg8 44. Ra7 Ra3 45. Ra8+ Kf7 46. Ra7+
Re7 47. Rxe7+ Kxe7 48. Rb2 Kd6 49. Rb7 a4 50. Rxg7 Ra1 51. Rf7 a3 52. Rxf6+ Ke7
53. Ra6 a2 54. Ra7+ Kf6 55. Ra6+ Ke5 56. Ra5+ Kd4 57. Ke2 Rh1 58. Ra4+ Ke5 59.
Ra5+ Kf4 60. Ra4+ Kg5 61. h4+ Kxh4 62. Rxa2 Rh2+ 63. Kxe3 Rxa2 64. Kf3 Rh2 65.
Ke3 Ra2 66. Kf4 Rf2+ 67. Ke3 Rf1 0-1